Εν κινδύνω : από την τεχνολογία στην ηθική

Αποθηκεύτηκε σε:
Λεπτομέρειες βιβλιογραφικής εγγραφής
Κύριος συγγραφέας: Τσιβάκου, Ιωάννα
Μορφή: Βιβλίο
Γλώσσα:Greek
Δημοσίευση: Αθήνα : Σιδέρης, c2010.
Θέματα:
Ετικέτες: Προσθήκη ετικέτας
Δεν υπάρχουν, Καταχωρήστε ετικέτα πρώτοι!

MARC

LEADER 00000cam a2200000 i 4500
001 1/16154
008 111102s2010 gr | ||| |||| ||gre||
020 |a 9789600805352 
035 |l 10111253 
040 |a GR-MY-UA  |b gre  |e aacr 
041 0 |a gre 
082 7 |a 302.12   |2 (22) 
100 1 |a Τσιβάκου, Ιωάννα. 
245 1 0 |a Εν κινδύνω :   |b από την τεχνολογία στην ηθική /   |c Ιωάννα Τσιβάκου.  
260 |a Αθήνα :   |b Σιδέρης,   |c c2010.  
300 |a 415 σ. ;   |c 21 εκ.  
504 |a Περιέχει βιβλιογραφικές παραπομπές και ευρετήριο.  
650 0 0 |a Fear  |x Political aspects. 
650 0 0 |a Risk  |x Social aspects. 
650 0 0 |a Risk  |x Sociological aspects. 
650 0 0 |a Technology  |x Social aspects. 
852 |a INST  |b RHODES  |e 20111102  |h 302.12 ΤΣΙ  |p 005400033772  |q 005400033772  |t BK  |y 0 
901 |a BIBL4-2011-3 
909 |a Ρ  |b 170412 
922 |a 4ΕΛΗ 
970 |z 2011/11/02